| 000 | 00956nam a2200301 a 4500 | ||
|---|---|---|---|
| 999 |
_c20721 _d20721 |
||
| 001 | 2594419 | ||
| 003 | BDDh-ASL | ||
| 005 | 20231015025927.0 | ||
| 008 | 961012s19981996b b 001 0 eng | ||
| 010 | _a 96903921 | ||
| 020 | _a8173041482 | ||
| 025 | _aI-E-96-903921; 79-09; 93-09 | ||
| 040 |
_aDLC _cDLC _dBDDh-ASL |
||
| 042 | _alcode | ||
| 043 | _aa-pk--- | ||
| 050 | 0 | 0 |
_aBP63.P2 _bM348 1996 |
| 082 | 0 | 0 |
_a297.1 _221 _bMAC |
| 100 | 1 | _aMalik, Jamal. | |
| 245 | 1 | 0 |
_aColonialization of Islam : _bdissolution of traditional institutions in Pakistan / _cJamal Malik. |
| 260 |
_aDhaka : _bUPL, _c1999. |
||
| 300 |
_axiv, 359 p. ; _c23 cm. |
||
| 504 | _aIncludes bibliographical references (p. [337]-354) and index. | ||
| 650 | 0 |
_aIslam and state _zPakistan. |
|
| 651 | 0 |
_aPakistan _xPolitics and government. |
|
| 906 |
_a7 _bcbc _corigode _d3 _encip _f19 _gy-gencatlg |
||
| 942 |
_2ddc _cBK |
||